Toutes les entités de Roblox Doors par images. - Statistiques

Statistiques générales
  • Ce quiz a été pris 120 fois
    117 depuis la dernière actualisation
  • Le résultat moyen est 15 sur 30
Statistiques - réponses
Par images Réponse % Correct
Rush
92%
Eyes
83%
Jeff
77%
Figure
73%
Ambush
68%
Jack
68%
Screech
68%
Seek
68%
Glitch
56%
Timothy
56%
A-120
52%
A-90
48%
Blitz
48%
Dupe
48%
Dread
47%
Giggle
47%
El Goblino
45%
Halt
44%
A-60
41%
Guiding light
41%
Haste
39%
Lookman
39%
Sally
39%
Window
36%
Shadow
35%
Hide
33%
Snare
32%
Curious light
27%
Gloombats
26%
Queen Grumble
24%
Aucun quiz correspondant
Distribution des résultats
% des personnes avec chaque résultat
Percentile par nombre de réponses
Votre historique - résultats
Vous n’avez pas pris ce quiz depuis la dernière actualisation